000 00606nam a22001817a 4500
999 _c186542
_d186542
005 20220308163931.0
010 _aENG-131894
020 _a9788186098905
_c250.00
035 _aEN-115426
037 _bDBAD/PUB
082 _a631.2
_b1
100 _aSharma, Sheel
245 _aBiochemical Evaluation of Lipid- Lipoprotein, Iron &Oxidative Stress Status in Relation to Diffrent Diets
_cSheel Sharma
260 _bNarayan Prakashan
_aJaipur
_c2017
270 _aCahura Rasta, Jaipur
_bJaipur
300 _avii,120p.
_bBibliography, Appendices
_c22cm(hbk)
942 _2ddc
_cEN
_h631.2
_mSHA